00359nam a22000977a 4500008004100000082001800041100002400059245014900083260002100232300000800253230609b xxu||||| |||| 00| 0 eng d a354.676272820 cGovernment of Kenya aTreasury Memorandum on the Implementation Status of the Twelfth Report of the Public Investments Committee on the Accounts of State Corporations aKenyabGOKc2006 a75p